[Event "European School Championships"]
[Site "Rhodes, Greece"]
[Date "2022.04.29"]
[Round "7.2"]
[White "Bereketoglu, Nadiye"]
[Black "Mustu, Hatice Asli"]
[Result "0-1"]
[WhiteElo "1468"]
[BlackElo "1704"]
[PlyCount "74"]
[EventDate "2022.04.21"]
[EventRounds "9"]

1. e4 {[%emt 0:00:02]} c5 {[%emt 0:00:05]} 2. c3 {[%emt 0:00:07]} Nf6 {[%emt 0:
00:11]} 3. e5 {[%emt 0:00:18]} Nd5 {[%emt 0:00:05]} 4. d4 {[%emt 0:00:15]} cxd4
{[%emt 0:00:09]} 5. Nf3 {[%emt 0:00:13]} e6 {[%emt 0:00:22]} 6. cxd4 {[%emt 0:
00:16]} d6 {[%emt 0:00:31]} 7. Bc4 {[%emt 0:08:30]} Nc6 {[%emt 0:07:07]} 8. O-O
{[%emt 0:05:08]} Nb6 {[%emt 0:06:41]} 9. Bd3 {[%emt 0:02:21]} Be7 {[%emt 0:01:
08]} 10. Nc3 {[%emt 0:01:42]} d5 {[%emt 0:07:23]} 11. a3 {[%emt 0:02:28]} O-O {
[%emt 0:04:53]} 12. Qc2 {[%emt 0:03:09]} g6 {[%emt 0:15:09]} 13. Bh6 {[%emt 0:
02:34]} Re8 {[%emt 0:00:05]} 14. Qd2 {[%emt 0:02:01]} f5 {[%emt 0:19:13]} 15.
Qf4 {[%emt 0:06:53]} Bf8 {[%emt 0:03:29]} 16. Bg5 {[%emt 0:04:54]} Qd7 {
[%emt 0:00:09]} 17. h4 {[%emt 0:01:45]} h5 {[%emt 0:05:46]} 18. Ne2 {[%emt 0:
05:02]} Bg7 {[%emt 0:02:16]} 19. Qg3 {[%emt 0:01:47]} Qf7 {[%emt 0:09:35]} 20.
Nf4 {[%emt 0:00:52]} Nd7 {[%emt 0:00:27]} 21. Rac1 {[%emt 0:02:21]} Nf8 {
[%emt 0:00:51]} 22. b4 {[%emt 0:01:13]} a6 {[%emt 0:00:57]} 23. Rc3 {[%emt 0:
01:51]} Bd7 {[%emt 0:00:59]} 24. Rfc1 {[%emt 0:01:28]} Rec8 {[%emt 0:00:42]}
25. b5 {[%emt 0:02:54]} axb5 {[%emt 0:05:24]} 26. Bxb5 {[%emt 0:00:02]} Nxe5 {
[%emt 0:02:40]} 27. Nxe5 {[%emt 0:12:04]} Rxc3 {[%emt 0:00:23]} 28. Rxc3 Bxe5 {
[%emt 0:00:15]} 29. Bxd7 {[%emt 0:09:58]} Bxf4 {[%emt 0:00:11]} 30. Bxe6 {
[%emt 0:00:42]} Nxe6 {[%emt 0:00:33]} 31. Bxf4 {[%emt 0:00:06]} Nxd4 {[%emt 0:
00:23]} 32. Qe3 {[%emt 0:00:28]} Nc6 {[%emt 0:00:41]} 33. Qb6 {[%emt 0:01:06]}
Re8 {[%emt 0:02:52]} 34. f3 {[%emt 0:02:51]} Qf6 {[%emt 0:01:02]} 35. Bd2 {
[%emt 0:03:08]} Re2 {[%emt 0:02:07]} 36. Rc2 {[%emt 0:05:04]} Qxh4 {[%emt 0:01:
28]} 37. Qxb7 {[%emt 0:00:26]} Qf2+ {[%emt 0:00:08]} 0-1

[Event "European School Championships"]
[Site "Rhodes, Greece"]
[Date "2022.04.21"]
[Round "1.1"]
[White "Cengel, Edibe Eylul"]
[Black "Seker, Bilgesu"]
[Result "1/2-1/2"]
[WhiteElo "1544"]
[BlackElo "1691"]
[PlyCount "46"]
[EventDate "2022.04.21"]
[EventRounds "9"]

1. e4 {[%emt 0:00:06]} c5 {[%emt 0:00:06]} 2. Nf3 {[%emt 0:00:14]} Nc6 {
[%emt 0:00:08]} 3. Bb5 {[%emt 0:00:35]} Nf6 {[%emt 0:00:21]} 4. Qe2 {[%emt 0:
01:43]} g6 {[%emt 0:11:32]} 5. O-O {[%emt 0:03:32]} Bg7 {[%emt 0:00:33]} 6. c3
{[%emt 0:02:46]} a6 {[%emt 0:03:15]} 7. Ba4 {[%emt 0:09:36]} b5 {[%emt 0:02:30]
} 8. Bc2 {[%emt 0:01:25]} e5 {[%emt 0:04:31]} 9. d4 {[%emt 0:15:45]} d6 {
[%emt 0:20:40]} 10. dxc5 {[%emt 0:10:40]} dxc5 {[%emt 0:00:07]} 11. a4 {
[%emt 0:00:54]} Rb8 {[%emt 0:07:33]} 12. Be3 {[%emt 0:17:39]} Qe7 {[%emt 0:02:
35]} 13. axb5 {[%emt 0:05:25]} axb5 {[%emt 0:02:44]} 14. Nbd2 {[%emt 0:11:31]}
O-O {[%emt 0:09:21]} 15. Nb3 {[%emt 0:01:18]} Nd7 {[%emt 0:00:32]} 16. Rfd1 {
[%emt 0:03:00]} c4 {[%emt 0:01:42]} 17. Na5 {[%emt 0:00:48]} Nxa5 {[%emt 0:06:
56]} 18. Rxa5 {[%emt 0:00:05]} Nf6 {[%emt 0:08:28]} 19. h3 {[%emt 0:04:54]} Rd8
{[%emt 0:04:49]} 20. Ra7 {[%emt 0:02:29]} Bb7 {[%emt 0:04:39]} 21. Rxd8+ {
[%emt 0:04:09]} Rxd8 {[%emt 0:03:53]} 22. Nxe5 {[%emt 0:01:08]} Qxe5 {[%emt 0:
00:38]} 23. Rxb7 {[%emt 0:00:11]} Nh5 {[%emt 0:02:41]} 1/2-1/2

[Event "European School Championships"]
[Site "Rhodes, Greece"]
[Date "2022.04.21"]
[Round "1.2"]
[White "Can, Isil"]
[Black "Morkunaite, Adrijana"]
[Result "1-0"]
[WhiteElo "1901"]
[BlackElo "1242"]
[PlyCount "47"]
[EventDate "2022.04.21"]
[EventRounds "9"]

1. e4 {[%emt 0:00:01]} e5 {[%emt 0:00:15]} 2. Nf3 {[%emt 0:00:05]} Nc6 {
[%emt 0:00:07]} 3. Bc4 {[%emt 0:00:05]} Bc5 {[%emt 0:00:09]} 4. c3 {[%emt 0:00:
04]} Nf6 {[%emt 0:00:08]} 5. d3 {[%emt 0:00:04]} d6 {[%emt 0:00:08]} 6. Nbd2 {
[%emt 0:00:07]} h6 {[%emt 0:01:07]} 7. h3 {[%emt 0:00:07]} a6 {[%emt 0:00:45]}
8. Bb3 {[%emt 0:00:14]} O-O {[%emt 0:00:58]} 9. Nf1 {[%emt 0:00:33]} Re8 {
[%emt 0:00:56]} 10. Ng3 {[%emt 0:02:46]} Ba7 {[%emt 0:01:44]} 11. O-O {[%emt 0:
00:21]} Be6 {[%emt 0:01:01]} 12. Bc2 {[%emt 0:00:29]} d5 {[%emt 0:04:52]} 13.
Qe2 {[%emt 0:00:24]} d4 {[%emt 0:02:31]} 14. Nh4 {[%emt 0:00:45]} Qd7 {[%emt 0:
03:14]} 15. Qf3 {[%emt 0:05:28]} Ne7 {[%emt 0:03:39]} 16. Bxh6 {[%emt 0:02:52]}
Bxh3 {[%emt 0:09:42]} 17. gxh3 {[%emt 0:01:56]} Qxh3 {[%emt 0:01:00]} 18. Bg5 {
[%emt 0:00:20]} Ng4 {[%emt 0:02:40]} 19. Qg2 {[%emt 0:00:10]} Qxg2+ {[%emt 0:
01:13]} 20. Kxg2 {[%emt 0:03:29]} f6 {[%emt 0:03:16]} 21. Bd2 {[%emt 0:00:17]}
b5 {[%emt 0:04:28]} 22. Bb3+ {[%emt 0:05:26]} Kf8 {[%emt 0:03:03]} 23. Ngf5 {
[%emt 0:00:28]} Nxf5 {[%emt 0:01:46]} 24. Ng6# {[%emt 0:00:10]} 1-0

[Event "European School Championships"]
[Site "Rhodes, Greece"]
[Date "2022.04.22"]
[Round "2.1"]
[White "Seker, Bilgesu"]
[Black "Saraci, Rinesa"]
[Result "1/2-1/2"]
[WhiteElo "1691"]
[BlackElo "1474"]
[PlyCount "154"]
[EventDate "2022.04.21"]
[EventRounds "9"]

1. c4 {[%emt 0:00:02]} c5 {[%emt 0:01:17]} 2. Nc3 {[%emt 0:00:08]} Nf6 {
[%emt 0:00:38]} 3. g3 {[%emt 0:01:34]} g6 {[%emt 0:05:59]} 4. Bg2 {[%emt 0:01:
03]} Bg7 {[%emt 0:01:25]} 5. d3 {[%emt 0:08:45]} O-O {[%emt 0:01:17]} 6. e4 {
[%emt 0:03:23]} Nc6 {[%emt 0:07:57]} 7. Nge2 {[%emt 0:00:44]} a6 {[%emt 0:01:
27]} 8. O-O {[%emt 0:01:12]} Rb8 {[%emt 0:02:50]} 9. a4 {[%emt 0:01:47]} d6 {
[%emt 0:02:27]} 10. h3 {[%emt 0:02:21]} Bd7 {[%emt 0:02:21]} 11. Be3 {[%emt 0:
01:49]} Nb4 {[%emt 0:02:18]} 12. e5 {[%emt 0:19:23]} Ne8 {[%emt 0:05:01]} 13.
exd6 {[%emt 0:01:27]} exd6 {[%emt 0:00:23]} 14. d4 {[%emt 0:07:01]} cxd4 {
[%emt 0:01:46]} 15. Nxd4 {[%emt 0:07:42]} Qc8 {[%emt 0:03:21]} 16. Qb3 {
[%emt 0:15:49]} Nc6 {[%emt 0:06:41]} 17. Nd5 {[%emt 0:03:50]} Bxd4 {[%emt 0:06:
18]} 18. Bxd4 {[%emt 0:00:22]} Nxd4 {[%emt 0:17:29]} 19. Ne7+ {[%emt 0:00:39]}
Kg7 {[%emt 0:01:02]} 20. Qc3 {[%emt 0:00:10]} f6 {[%emt 0:01:33]} 21. Qxd4 {
[%emt 0:00:48]} Qc5 {[%emt 0:02:29]} 22. Rfd1 {[%emt 0:01:57]} Qe5 {[%emt 0:03:
58]} 23. Nd5 {[%emt 0:04:12]} Bc6 {[%emt 0:01:21]} 24. a5 {[%emt 0:02:12]} Rf7
{[%emt 0:01:36]} 25. b4 {[%emt 0:02:38]} Nc7 {[%emt 0:01:52]} 26. Rac1 {
[%emt 0:04:26]} Rd8 {[%emt 0:04:14]} 27. Nxc7 {[%emt 0:04:16]} Rxc7 {[%emt 0:
00:56]} 28. Qxe5 {[%emt 0:01:26]} fxe5 {[%emt 0:00:14]} 29. b5 {[%emt 0:02:07]}
Bxg2 {[%emt 0:00:37]} 30. Kxg2 {[%emt 0:00:06]} Rc5 {[%emt 0:01:38]} 31. Rd5 {
[%emt 0:01:18]} Kf6 {[%emt 0:02:55]} 32. Rcd1 {[%emt 0:00:52]} Ke7 {[%emt 0:02:
31]} 33. Rxc5 {[%emt 0:00:41]} dxc5 {[%emt 0:00:10]} 34. Rxd8 {[%emt 0:00:25]}
Kxd8 {[%emt 0:00:06]} 35. Kf3 {[%emt 0:00:36]} Ke7 {[%emt 0:00:23]} 36. Ke4 {
[%emt 0:00:04]} Ke6 {[%emt 0:00:51]} 37. h4 {[%emt 0:00:49]} Kd6 {[%emt 0:03:
03]} 38. bxa6 {[%emt 0:00:45]} bxa6 {[%emt 0:00:09]} 39. g4 {[%emt 0:00:11]}
Ke6 {[%emt 0:00:39]} 40. h5 {[%emt 0:00:43]} Kd6 {[%emt 0:02:52]} 41. f4 {
[%emt 0:17:48]} exf4 {[%emt 0:06:02]} 42. Kxf4 {[%emt 0:00:14]} Ke6 {[%emt 0:
02:29]} 43. Kg5 {[%emt 0:03:00]} gxh5 {[%emt 0:14:18]} 44. gxh5 {[%emt 0:00:15]
} Kf7 {[%emt 0:00:37]} 45. Kf5 {[%emt 0:02:26]} Kg7 {[%emt 0:00:44]} 46. Kg5 {
[%emt 0:03:47]} Kf7 {[%emt 0:00:36]} 47. Kf5 {[%emt 0:01:27]} Kg7 {[%emt 0:00:
10]} 48. Ke5 {[%emt 0:00:10]} Kh6 {[%emt 0:00:07]} 49. Kd5 {[%emt 0:00:03]}
Kxh5 {[%emt 0:00:12]} 50. Kxc5 {[%emt 0:00:04]} Kg5 {[%emt 0:00:23]} 51. Kb6 {
[%emt 0:02:23]} h5 {[%emt 0:00:07]} 52. c5 {[%emt 0:00:02]} h4 {[%emt 0:00:07]}
53. c6 {[%emt 0:00:05]} h3 {[%emt 0:00:08]} 54. c7 {[%emt 0:00:04]} h2 {
[%emt 0:00:06]} 55. c8=Q {[%emt 0:00:05]} h1=Q {[%emt 0:00:14]} 56. Qc5+ {
[%emt 0:02:58]} Kf4 {[%emt 0:01:01]} 57. Qd4+ {[%emt 0:00:46]} Kg5 {[%emt 0:00:
47]} 58. Kxa6 {[%emt 0:00:38]} Qc6+ {[%emt 0:02:02]} 59. Qb6 {[%emt 0:01:01]}
Qc8+ {[%emt 0:00:34]} 60. Kb5 {[%emt 0:00:59]} Qe8+ {[%emt 0:00:30]} 61. Qc6 {
[%emt 0:00:39]} Qb8+ {[%emt 0:01:16]} 62. Kc5 {[%emt 0:00:28]} Qf8+ {[%emt 0:
01:02]} 63. Kb6 {[%emt 0:00:57]} Qd8+ {[%emt 0:01:26]} 64. Qc7 {[%emt 0:00:22]}
Qf6+ {[%emt 0:00:33]} 65. Kb7 {[%emt 0:01:06]} Qf3+ {[%emt 0:01:01]} 66. Kc8 {
[%emt 0:00:34]} Qf5+ {[%emt 0:01:27]} 67. Kb8 {[%emt 0:00:42]} Qb5+ {[%emt 0:
00:48]} 68. Ka7 {[%emt 0:00:10]} Kg4 {[%emt 0:02:19]} 69. a6 {[%emt 0:00:16]}
Kg5 {[%emt 0:01:34]} 70. Qe7+ {[%emt 0:01:02]} Kg4 {[%emt 0:00:37]} 71. Qe6+ {
[%emt 0:00:24]} Kg5 {[%emt 0:01:02]} 72. Ka8 {[%emt 0:00:22]} Kh5 {[%emt 0:01:
16]} 73. a7 {[%emt 0:00:57]} Kh4 {[%emt 0:01:01]} 74. Qg6 {[%emt 0:00:35]} Kh3
{[%emt 0:01:19]} 75. Qh6+ {[%emt 0:00:24]} Kg4 {[%emt 0:00:54]} 76. Qe6+ {
[%emt 0:00:39]} Kh4 {[%emt 0:00:20]} 77. Qe4+ {[%emt 0:00:16]} Kg5 {[%emt 0:00:
44]} 1/2-1/2

[Event "European School Championships"]
[Site "Rhodes, Greece"]
[Date "2022.04.23"]
[Round "3.1"]
[White "Can, Isil"]
[Black "Seker, Bilgesu"]
[Result "1-0"]
[WhiteElo "1901"]
[BlackElo "1691"]
[PlyCount "163"]
[EventDate "2022.04.21"]
[EventRounds "9"]

1. Nf3 {[%emt 0:00:01]} Nf6 {[%emt 0:03:52]} 2. g3 {[%emt 0:02:42]} d6 {
[%emt 0:01:21]} 3. Bg2 {[%emt 0:02:17]} g6 {[%emt 0:00:19]} 4. d4 {[%emt 0:03:
19]} Bg7 {[%emt 0:00:23]} 5. O-O {[%emt 0:00:24]} O-O {[%emt 0:08:42]} 6. b3 {
[%emt 0:00:44]} c6 {[%emt 0:01:37]} 7. Bb2 {[%emt 0:00:14]} Nbd7 {[%emt 0:07:
59]} 8. c4 {[%emt 0:06:42]} Ne4 {[%emt 0:10:54]} 9. Nfd2 {[%emt 0:07:30]} Nxd2
{[%emt 0:01:54]} 10. Qxd2 {[%emt 0:01:26]} Nf6 {[%emt 0:07:02]} 11. e4 {
[%emt 0:00:34]} Qc7 {[%emt 0:00:51]} 12. f4 {[%emt 0:06:10]} Rd8 {[%emt 0:06:
08]} 13. Nc3 {[%emt 0:10:24]} e5 {[%emt 0:08:38]} 14. Ne2 {[%emt 0:15:57]} Bg4
{[%emt 0:13:19]} 15. fxe5 {[%emt 0:04:33]} dxe5 {[%emt 0:00:08]} 16. d5 {
[%emt 0:00:05]} Nh5 {[%emt 0:03:04]} 17. Nc3 {[%emt 0:06:36]} Qd7 {[%emt 0:07:
39]} 18. Rf2 {[%emt 0:03:57]} Bf8 {[%emt 0:00:41]} 19. Kh1 {[%emt 0:01:14]} Bc5
{[%emt 0:01:17]} 20. Rff1 {[%emt 0:00:05]} b5 {[%emt 0:01:12]} 21. cxb5 {
[%emt 0:04:20]} cxb5 22. Nd1 {[%emt 0:01:53]} Qe7 {[%emt 0:00:29]} 23. Nf2 {
[%emt 0:01:00]} Bd7 {[%emt 0:01:55]} 24. Nd3 {[%emt 0:00:46]} Bd6 {[%emt 0:00:
53]} 25. Rf2 {[%emt 0:01:20]} Rac8 {[%emt 0:01:18]} 26. Raf1 {[%emt 0:00:09]}
f6 {[%emt 0:00:55]} 27. Bf3 {[%emt 0:01:44]} Bh3 {[%emt 0:00:48]} 28. Rg1 {
[%emt 0:00:07]} f5 {[%emt 0:03:37]} 29. exf5 {[%emt 0:02:59]} Bxf5 {[%emt 0:05:
18]} 30. Re1 {[%emt 0:00:30]} Bxd3 {[%emt 0:00:42]} 31. Qxd3 {[%emt 0:00:11]}
Nf6 {[%emt 0:01:13]} 32. Rfe2 {[%emt 0:02:01]} Re8 {[%emt 0:00:45]} 33. Qxb5 {
[%emt 0:00:37]} Rc5 {[%emt 0:00:35]} 34. Qd3 {[%emt 0:02:00]} Qc7 {[%emt 0:00:
11]} 35. a4 {[%emt 0:03:58]} Qe7 {[%emt 0:00:57]} 36. b4 {[%emt 0:03:30]} Rcc8
{[%emt 0:00:21]} 37. b5 {[%emt 0:00:07]} Qc7 {[%emt 0:00:34]} 38. Qd2 {[%emt 0:
02:28]} Qb8 {[%emt 0:00:47]} 39. Qg5 {[%emt 0:00:27]} Nd7 {[%emt 0:00:38]} 40.
h4 {[%emt 0:04:13]} Be7 {[%emt 0:00:33]} 41. Qg4 {[%emt 0:01:55]} Rcd8 {
[%emt 0:15:25]} 42. Qe6+ {[%emt 0:05:25]} Kg7 {[%emt 0:00:28]} 43. Bxe5+ {
[%emt 0:00:37]} Nxe5 {[%emt 0:00:06]} 44. Qxe5+ {[%emt 0:00:52]} Qxe5 {[%emt 0:
00:21]} 45. Rxe5 {[%emt 0:00:02]} Kf7 {[%emt 0:00:07]} 46. Bg4 {[%emt 0:02:00]}
Bd6 {[%emt 0:02:33]} 47. Rxe8 {[%emt 0:02:24]} Rxe8 {[%emt 0:00:07]} 48. Be6+ {
[%emt 0:00:08]} Kg7 {[%emt 0:00:24]} 49. Kg2 {[%emt 0:00:06]} Rb8 {[%emt 0:00:
32]} 50. Bd7 {[%emt 0:03:02]} Rd8 {[%emt 0:00:58]} 51. Bc6 {[%emt 0:00:34]} Rf8
{[%emt 0:01:29]} 52. Re2 {[%emt 0:01:03]} Bb4 {[%emt 0:01:12]} 53. Rb2 {
[%emt 0:00:23]} Bc3 {[%emt 0:00:18]} 54. Rb3 {[%emt 0:00:33]} Ba5 {[%emt 0:03:
14]} 55. d6 {[%emt 0:00:55]} Bb6 {[%emt 0:01:33]} 56. d7 {[%emt 0:00:57]} Rf2+
{[%emt 0:00:29]} 57. Kh3 {[%emt 0:00:01]} Rd2 {[%emt 0:00:33]} 58. Kg4 {
[%emt 0:01:22]} Rd4+ {[%emt 0:00:39]} 59. Kf3 {[%emt 0:00:24]} Kf6 {[%emt 0:01:
06]} 60. Ra3 {[%emt 0:00:47]} Ba5 {[%emt 0:00:46]} 61. g4 {[%emt 0:03:51]} h6 {
[%emt 0:00:40]} 62. Re3 {[%emt 0:02:16]} Bb6 {[%emt 0:01:57]} 63. Re8 {[%emt 0:
01:01]} g5 {[%emt 0:00:34]} 64. hxg5+ {[%emt 0:00:24]} hxg5 {[%emt 0:00:03]}
65. Rf8+ {[%emt 0:04:15]} Ke7 {[%emt 0:00:52]} 66. Rf5 {[%emt 0:00:10]} Rxa4 {
[%emt 0:01:29]} 67. Rxg5 {[%emt 0:03:49]} Rd4 {[%emt 0:01:58]} 68. Rg8 {
[%emt 0:01:13]} Kf7 {[%emt 0:00:38]} 69. Re8 {[%emt 0:01:04]} Kf6 {[%emt 0:00:
30]} 70. Rf8+ {[%emt 0:00:37]} Ke7 {[%emt 0:00:54]} 71. Rf5 {[%emt 0:00:37]}
Ke6 {[%emt 0:01:03]} 72. Rf4 {[%emt 0:02:00]} Rxf4+ {[%emt 0:00:49]} 73. Kxf4 {
[%emt 0:00:02]} Bd8 {[%emt 0:01:19]} 74. g5 {[%emt 0:00:19]} Kf7 {[%emt 0:01:
13]} 75. Kf5 {[%emt 0:00:09]} Kg7 {[%emt 0:00:25]} 76. g6 {[%emt 0:01:54]} Kf8
{[%emt 0:01:12]} 77. Bd5 {[%emt 0:00:09]} Kg7 {[%emt 0:00:15]} 78. Bf7 {
[%emt 0:00:29]} Be7 {[%emt 0:00:35]} 79. Ke6 {[%emt 0:00:08]} Bd8 {[%emt 0:00:
02]} 80. Be8 {[%emt 0:01:06]} Kf8 {[%emt 0:01:05]} 81. Kd6 {[%emt 0:00:06]} Bf6
{[%emt 0:00:36]} 82. Kc7 {[%emt 0:00:10]} 1-0

[Event "European School Championships"]
[Site "Rhodes, Greece"]
[Date "2022.04.23"]
[Round "3.2"]
[White "Keskin, Elif"]
[Black "Cengel, Edibe Eylul"]
[Result "1-0"]
[WhiteElo "1692"]
[BlackElo "1544"]
[PlyCount "79"]
[EventDate "2022.04.21"]
[EventRounds "9"]

1. d4 {[%emt 0:00:03]} d5 {[%emt 0:00:13]} 2. c4 {[%emt 0:00:16]} e6 {[%emt 0:
00:09]} 3. Nc3 {[%emt 0:00:43]} a6 {[%emt 0:00:42]} 4. cxd5 {[%emt 0:03:03]}
exd5 {[%emt 0:00:05]} 5. Nf3 {[%emt 0:00:33]} c6 {[%emt 0:02:00]} 6. Qc2 {
[%emt 0:01:19]} Nf6 {[%emt 0:02:27]} 7. Bg5 {[%emt 0:01:06]} h6 {[%emt 0:05:36]
} 8. Bxf6 {[%emt 0:02:45]} Qxf6 {[%emt 0:00:08]} 9. Nxd5 {[%emt 0:03:19]} Qd8 {
[%emt 0:05:19]} 10. Nc3 {[%emt 0:01:41]} Be7 {[%emt 0:06:05]} 11. e3 {[%emt 0:
01:05]} Nd7 {[%emt 0:02:42]} 12. Bd3 {[%emt 0:02:10]} O-O {[%emt 0:10:47]} 13.
O-O {[%emt 0:01:55]} Qa5 {[%emt 0:08:00]} 14. Rfd1 {[%emt 0:01:52]} Qh5 {
[%emt 0:04:36]} 15. Ne4 {[%emt 0:04:21]} Nf6 {[%emt 0:05:08]} 16. Ng3 {[%emt 0:
05:40]} Qa5 {[%emt 0:01:26]} 17. Ne5 {[%emt 0:05:32]} Be6 {[%emt 0:07:50]} 18.
Bf5 {[%emt 0:04:21]} Bxf5 {[%emt 0:01:26]} 19. Nxf5 {[%emt 0:00:08]} Qc7 {
[%emt 0:10:30]} 20. Qb3 {[%emt 0:07:31]} Rab8 {[%emt 0:05:32]} 21. Nxe7+ {
[%emt 0:03:24]} Qxe7 {[%emt 0:00:17]} 22. Ng6 {[%emt 0:00:43]} Qd6 {[%emt 0:01:
20]} 23. Nxf8 {[%emt 0:00:08]} Rxf8 {[%emt 0:00:59]} 24. f3 {[%emt 0:02:09]}
Nd5 {[%emt 0:05:37]} 25. e4 {[%emt 0:03:22]} Nf4 {[%emt 0:00:16]} 26. Qe3 {
[%emt 0:01:01]} Qf6 {[%emt 0:01:32]} 27. g3 {[%emt 0:02:55]} Nh3+ {[%emt 0:04:
21]} 28. Kg2 {[%emt 0:00:41]} Ng5 {[%emt 0:00:07]} 29. h4 {[%emt 0:04:55]} Ne6
{[%emt 0:01:08]} 30. Rd2 {[%emt 0:03:22]} Rd8 {[%emt 0:08:39]} 31. Rad1 {
[%emt 0:00:38]} g5 {[%emt 0:00:31]} 32. d5 {[%emt 0:02:50]} cxd5 {[%emt 0:00:
15]} 33. exd5 {[%emt 0:00:13]} Ng7 {[%emt 0:00:45]} 34. hxg5 {[%emt 0:00:41]}
hxg5 {[%emt 0:00:17]} 35. Qc3 {[%emt 0:03:10]} Qd6 {[%emt 0:00:51]} 36. Re1 {
[%emt 0:02:47]} f6 {[%emt 0:00:23]} 37. Qa3 {[%emt 0:01:01]} Qb6 {[%emt 0:00:
37]} 38. d6 {[%emt 0:01:41]} Qc6 {[%emt 0:00:30]} 39. Qb3+ {[%emt 0:02:27]} Kh7
{[%emt 0:00:29]} 40. Qf7 {[%emt 0:01:04]} 1-0

[Event "European School Championships"]
[Site "Rhodes, Greece"]
[Date "2022.04.25"]
[Round "5.1"]
[White "Keskin, Elif"]
[Black "Seker, Bilgesu"]
[Result "0-1"]
[WhiteElo "1692"]
[BlackElo "1691"]
[PlyCount "86"]
[EventDate "2022.04.21"]
[EventRounds "9"]

1. d4 {[%emt 0:00:02]} Nf6 {[%emt 0:00:06]} 2. c4 {[%emt 0:00:22]} g6 {[%emt 0:
00:04]} 3. f3 {[%emt 0:00:07]} d6 {[%emt 0:01:52]} 4. e4 {[%emt 0:01:44]} Bg7 {
[%emt 0:01:38]} 5. Nc3 {[%emt 0:00:18]} O-O {[%emt 0:00:24]} 6. Be3 {[%emt 0:
00:15]} a6 {[%emt 0:02:09]} 7. Qd2 {[%emt 0:01:10]} c6 {[%emt 0:01:56]} 8. Nge2
{[%emt 0:11:53]} b5 {[%emt 0:01:51]} 9. Ng3 {[%emt 0:10:20]} Nbd7 {[%emt 0:10:
47]} 10. a4 {[%emt 0:09:41]} b4 {[%emt 0:11:14]} 11. Nd1 {[%emt 0:01:17]} a5 {
[%emt 0:16:58]} 12. Nf2 {[%emt 0:12:04]} Ba6 {[%emt 0:01:53]} 13. Be2 {[%emt 0:
09:56]} c5 {[%emt 0:03:43]} 14. d5 {[%emt 0:09:37]} Nb6 {[%emt 0:05:29]} 15.
Qc2 {[%emt 0:01:35]} Rb8 {[%emt 0:06:04]} 16. Qb3 {[%emt 0:02:47]} h5 {[%emt 0:
12:41]} 17. Nf1 {[%emt 0:03:11]} Nfd7 {[%emt 0:01:04]} 18. f4 {[%emt 0:03:22]}
Re8 {[%emt 0:07:32]} 19. Nd2 {[%emt 0:01:49]} e6 {[%emt 0:01:56]} 20. dxe6 {
[%emt 0:01:54]} fxe6 {[%emt 0:00:27]} 21. Rc1 {[%emt 0:07:52]} Qe7 {[%emt 0:04:
25]} 22. Nd3 {[%emt 0:03:07]} d5 {[%emt 0:01:59]} 23. cxd5 {[%emt 0:00:58]} c4
{[%emt 0:00:28]} 24. Nxc4 {[%emt 0:00:59]} Bxc4 {[%emt 0:00:35]} 25. Rxc4 {
[%emt 0:00:09]} Nxc4 {[%emt 0:00:04]} 26. Qxc4 {[%emt 0:00:07]} Rec8 {[%emt 0:
01:39]} 27. Qb3 {[%emt 0:00:18]} Nb6 {[%emt 0:02:16]} 28. O-O {[%emt 0:06:07]}
Nc4 {[%emt 0:00:27]} 29. Bc5 {[%emt 0:00:18]} Rxc5 {[%emt 0:00:10]} 30. Nxc5 {
[%emt 0:00:03]} Qxc5+ {[%emt 0:00:06]} 31. Kh1 {[%emt 0:00:12]} Nd2 {[%emt 0:
00:26]} 32. Qh3 {[%emt 0:01:09]} Nxf1 {[%emt 0:00:30]} 33. Qxe6+ {[%emt 0:00:
03]} Kh7 {[%emt 0:02:25]} 34. f5 {[%emt 0:00:17]} Rb6 {[%emt 0:01:09]} 35.
fxg6+ {[%emt 0:00:08]} Kh8 {[%emt 0:00:04]} 36. Qf5 {[%emt 0:02:49]} Qc1 {
[%emt 0:00:35]} 37. Bxf1 {[%emt 0:00:27]} Rf6 {[%emt 0:00:17]} 38. Qxh5+ {
[%emt 0:00:19]} Kg8 {[%emt 0:00:18]} 39. h4 {[%emt 0:00:51]} Rxf1+ {[%emt 0:00:
35]} 40. Kh2 {[%emt 0:00:01]} Rh1+ {[%emt 0:00:23]} 41. Kg3 {[%emt 0:00:02]}
Qe3+ {[%emt 0:00:09]} 42. Qf3 {[%emt 0:01:10]} Qxf3+ {[%emt 0:00:06]} 43. gxf3
{[%emt 0:00:03]} Bxb2 {[%emt 0:00:20]} 0-1